[Event "Mercredi 2020.01.08 ABCD"]
[Site "Montreal CAN"]
[Date "2020.01.22"]
[Round "3"]
[White "Abdelaal, Ibrahim"]
[Black "Nesterov, Timour"]
[Result "1/2-1/2"]
[WhiteElo "1948"]
[BlackElo "1952"]
[PlyCount "82"]
[EventDate "2020.01.08"]
[EventType "tourn"]
[EventRounds "5"]
[EventCountry "CAN"]

1. e4 e6 2. f4 d5 3. e5 c5 4. Nf3 Nc6 5. c3 d4 6. Na3 Nge7 7. Bd3 a6 8. Be4 Rb8
9. O-O b5 10. d3 dxc3 11. bxc3 Bb7 12. Nc2 Na5 13. Qe1 Bxe4 14. Qxe4 Qd5 15.
Qe2 Nac6 16. Ne3 Qd7 17. Rd1 Nd5 18. Nxd5 Qxd5 19. c4 Qd7 20. Be3 b4 21. d4
cxd4 22. Nxd4 Nxd4 23. Rxd4 Qc6 24. Rad1 Bc5 25. Rd6 Bxd6 26. Rxd6 Qb7 27. c5
O-O 28. Rxa6 Rfc8 29. Rd6 Qe4 30. Qd2 h5 31. h3 b3 32. axb3 Rxb3 33. Bf2 Qb1+
34. Qd1 Qa2 35. Qxh5 Rb1+ 36. Rd1 Rb2 37. Qh4 Qa4 38. Rd8+ Rxd8 39. Qxd8+ Kh7
40. Qh4+ Kg8 41. Qd8+ Kh7 1/2-1/2

[Event "Mercredi 2020.01.08 ABCD"]
[Site "Montreal CAN"]
[Date "2020.01.22"]
[Round "3"]
[White "Audet, Eric"]
[Black "Baran, Marius"]
[Result "0-1"]
[WhiteElo "1787"]
[BlackElo "1675"]
[PlyCount "131"]
[EventDate "2020.01.08"]
[EventType "tourn"]
[EventRounds "5"]
[EventCountry "CAN"]

1. e4 d5 2. exd5 Nf6 3. Bb5+ Bd7 4. Be2 Nxd5 5. d4 Bf5 6. Nf3 e6 7. O-O Nc6 8.
Bb5 Ndb4 9. Ba4 Bd6 10. a3 Nd5 11. c4 Nf6 12. c5 Be7 13. Ne5 Be4 14. Nc3 Bd5
15. Nxd5 Qxd5 16. Nxc6 bxc6 17. b4 O-O 18. Re1 Rfd8 19. Bb2 a5 20. Re5 Qd7 21.
Bb3 axb4 22. axb4 Nd5 23. Bxd5 cxd5 24. Re1 Qb5 25. Qb3 Rdb8 26. Rxa8 Rxa8 27.
g3 Ra4 28. Bc3 g6 29. Ra1 Rxa1+ 30. Bxa1 Qa6 31. Bc3 c6 32. Kg2 Bf6 33. Qb2 Kf8
34. Qd2 Qc4 35. Bb2 h5 36. Qh6+ Ke7 37. Qf4 Qb5 38. Qd6+ Ke8 39. Qc7 Kf8 40.
Qa5 Ke8 41. Qxb5 cxb5 42. Kf3 g5 43. g4 hxg4+ 44. Kxg4 Be7 45. Bc1 f5+ 46. Kh5
g4 47. Bg5 e5 48. dxe5 d4 49. Bd2 Kd7 50. Kg6 Ke6 51. Bf4 Bd8 52. Bd2 Bc7 53.
Kg5 Bxe5 54. Bf4 d3 55. Bd2 Bxh2 56. Kg6 Bc7 57. Kg5 Be5 58. Be1 Bc7 59. Bc3 g3
60. fxg3 Bxg3 61. Bd2 Ke5 62. Bc1 Ke4 63. Bd2 Be5 64. Be1 Bf4+ 65. Kh4 d2 66.
Bxd2 0-1

[Event "Mercredi 2020.01.08 ABCD"]
[Site "Montreal CAN"]
[Date "2020.01.22"]
[Round "3"]
[White "Beaulieu, Pierre"]
[Black "Kozlov, Guennadi"]
[Result "1-0"]
[WhiteElo "1920"]
[BlackElo "1902"]
[PlyCount "149"]
[EventDate "2020.01.08"]
[EventType "tourn"]
[EventRounds "5"]
[EventCountry "CAN"]

1. Nf3 Nf6 2. g3 g6 3. b3 b6 4. Bb2 Bg7 5. Bg2 Bb7 6. O-O O-O 7. d3 d5 8. Nbd2
c5 9. Nh4 Qc7 10. Ndf3 Nbd7 11. c4 d4 12. b4 e5 13. Qb3 Rab8 14. Bh3 e4 15. Nd2
exd3 16. exd3 Rfe8 17. Rfe1 Ne5 18. Bg2 Bh6 19. f4 Bxg2 20. Nxg2 Nc6 21. b5 Ne7
22. Ne4 Bg7 23. Re2 Nf5 24. Nxf6+ Bxf6 25. Rae1 Qd7 26. Qd1 h5 27. Bc1 Kf8 28.
Re4 Nd6 29. Rxe8+ Rxe8 30. Rxe8+ Qxe8 31. Qe1 Qc8 32. Qe2 a6 33. a4 axb5 34.
axb5 Qa8 35. Bd2 Qa1+ 36. Qe1 Qxe1+ 37. Bxe1 Bd8 38. Bd2 f5 39. Kf2 Nc8 40. Ne1
Kf7 41. Nf3 Kf6 42. h3 Bc7 43. Bc1 Bb8 44. Nh4 Ne7 45. Kf3 Bc7 46. Ng2 Bb8 47.
Bd2 Bc7 48. Be1 Bd6 49. Bf2 Bc7 50. Ne1 Bd6 51. Nc2 Bc7 52. Bg1 Bd6 53. Nxd4
cxd4 54. Bxd4+ Ke6 55. Bxb6 Nc8 56. Be3 Bc7 57. Ke2 Kd6 58. h4 Ba5 59. Bf2 Bb4
60. d4 Kc7 61. Kd3 Nd6 62. c5 Ne4 63. Be3 Nxg3 64. Kc4 Ba5 65. d5 Ne4 66. b6+
Kc8 67. Kb5 Be1 68. Ka6 Kb8 69. Bd4 Bc3 70. Bxc3 Nxc3 71. d6 Ne4 72. Kb5 Kc8
73. Kc6 Nf6 74. b7+ Kb8 75. d7 1-0

[Event "Mercredi 2020.01.08 ABCD"]
[Site "Montreal CAN"]
[Date "2020.01.22"]
[Round "3"]
[White "Charette, Nicolas"]
[Black "Pelletier, Arnaud"]
[Result "1-0"]
[WhiteElo "1765"]
[BlackElo "1702"]
[PlyCount "51"]
[EventDate "2020.01.08"]
[EventType "tourn"]
[EventRounds "5"]
[EventCountry "CAN"]

1. e4 c5 2. Nc3 d6 3. f4 Nc6 4. Bb5 e6 5. Nf3 Nge7 6. O-O a6 7. Bxc6+ Nxc6 8.
d3 Be7 9. Qe1 O-O 10. Ne2 d5 11. Ng3 b5 12. f5 exf5 13. Nxf5 Bxf5 14. exf5 Bf6
15. Qg3 Qd7 16. Qg4 Rfe8 17. c3 Re2 18. Bg5 Bxg5 19. Nxg5 Rxb2 20. Qh5 h6 21.
f6 gxf6 22. Rxf6 hxg5 23. Qxg5+ Kf8 24. Rh6 f5 25. Qf6+ Qf7 26. Rh8# 1-0

[Event "Mercredi 2020.01.08 ABCD"]
[Site "Montreal CAN"]
[Date "2020.01.22"]
[Round "3"]
[White "Destree, Frederic"]
[Black "Barko, Maxim"]
[Result "1-0"]
[WhiteElo "1866"]
[BlackElo "1803"]
[PlyCount "69"]
[EventDate "2020.01.08"]
[EventType "tourn"]
[EventRounds "5"]
[EventCountry "CAN"]

1. Nf3 c5 2. g3 Nc6 3. c4 e5 4. d3 d6 5. Bg2 g6 6. O-O Bg7 7. Nc3 Nge7 8. a3
O-O 9. Rb1 f5 10. Nd5 h6 11. Nxe7+ Qxe7 12. b4 Nd4 13. Nxd4 cxd4 14. e3 dxe3
15. Bxe3 f4 16. Bd2 Bf5 17. Qb3 Be6 18. gxf4 Qh4 19. d4 exf4 20. Rbe1 Bg4 21.
Re4 f3 22. Bxf3 Qh3 23. Bd1 Rf3 24. Re3 Raf8 25. c5+ Kh8 26. Qd3 R8f5 27. Rxf3
Bxf3 28. Bxf3 Rxf3 29. Qxg6 Rf6 30. Qg3 Qh5 31. Kh1 Qd5+ 32. f3 Qxd4 33. Rg1
Rf5 34. Bxh6 Rf7 35. Bxg7+ 1-0

[Event "Mercredi 2020.01.08 ABCD"]
[Site "Montreal CAN"]
[Date "2020.01.22"]
[Round "3"]
[White "Fortin-Lavoie, Patrice"]
[Black "Nardone, Raul"]
[Result "1-0"]
[WhiteElo "1792"]
[BlackElo "1791"]
[PlyCount "78"]
[EventDate "2020.01.08"]
[EventType "tourn"]
[EventRounds "5"]
[EventCountry "CAN"]

1. d4 f5 2. c4 e6 3. Nc3 d5 4. Nf3 Nf6 5. a3 a5 6. Bg5 Be7 7. e3 c6 8. Ne5 O-O
9. cxd5 exd5 10. Be2 Nbd7 11. Nd3 Ne4 12. Bf4 Ndf6 13. f3 Nxc3 14. bxc3 Nh5 15.
Be5 Bh4+ 16. g3 Be7 17. Qb3 Nf6 18. c4 Kh8 19. c5 Nd7 20. Bf4 Bg5 21. h4 Bxf4
22. Nxf4 Nf6 23. h5 Qe7 24. Kf2 Re8 25. Rae1 b6 26. cxb6 Rb8 27. Bd3 Nd7 28.
Bxf5 Rxb6 29. Qa2 Nf8 30. Bxc8 Rxc8 31. e4 Rcb8 32. Re2 Qf6 33. e5 Qe7 34. Rc1
Ne6 35. Nxe6 Qxe6 36. Rc5 Qh3 37. Rc1 Qh2+ 38. Ke3 Rb3+ 39. Kf4 Qxe2 1-0

[Event "Mercredi 2020.01.08 ABCD"]
[Site "Montreal CAN"]
[Date "2020.01.22"]
[Round "3"]
[White "Giurgiev, Silvius"]
[Black "Adam, Rafael"]
[Result "1/2-1/2"]
[WhiteElo "1827"]
[BlackElo "1815"]
[PlyCount "71"]
[EventDate "2020.01.08"]
[EventType "tourn"]
[EventRounds "5"]
[EventCountry "CAN"]

1. e4 e5 2. Nf3 Nc6 3. Bb5 a6 4. Ba4 Nf6 5. O-O Nxe4 6. d4 b5 7. Bb3 d5 8. dxe5
Be6 9. c3 Bc5 10. Nbd2 Nxd2 11. Bxd2 h6 12. h3 O-O 13. Qc1 Qd7 14. Kh2 Rfd8 15.
Bf4 Qe8 16. Bc2 Qf8 17. Kg1 Rac8 18. Re1 Bb6 19. Bd3 Na5 20. b4 Nc4 21. a4 Ra8
22. Nd2 c6 23. Qc2 Kh8 24. a5 Ba7 25. Nb3 Qe7 26. Rad1 Qh4 27. Bh2 Re8 28. Bxc4
dxc4 29. Nd4 Bxd4 30. Rxd4 Qg5 31. f4 Qf5 32. Qxf5 Bxf5 33. Kf2 Rad8 34. Red1
Bd3 35. Ke3 g6 36. g4 1/2-1/2

[Event "Mercredi 2020.01.08 ABCD"]
[Site "Montreal CAN"]
[Date "2020.01.22"]
[Round "3"]
[White "Guipi Bopala, Prince Eric jr"]
[Black "Gates, Claude-Eric"]
[Result "1-0"]
[WhiteElo "1842"]
[BlackElo "1872"]
[PlyCount "87"]
[EventDate "2020.01.08"]
[EventType "tourn"]
[EventRounds "5"]
[EventCountry "CAN"]

1. d4 Nf6 2. c4 c5 3. d5 b5 4. cxb5 a6 5. b6 e6 6. Nc3 Bb7 7. e4 Qxb6 8. Nf3
exd5 9. exd5 d6 10. Bc4 Be7 11. O-O O-O 12. a3 Nbd7 13. Bg5 Qd8 14. Qd3 Nb6 15.
Rad1 Nxc4 16. Qxc4 Re8 17. Rfe1 h6 18. Bh4 Bc8 19. Ne4 Ng4 20. Bg3 Rf8 21. h3
Nf6 22. Bh4 Rb8 23. Bg3 Rxb2 24. Nxc5 Rb5 25. Ne4 Bf5 26. Nxf6+ Bxf6 27. Nd4
Bxd4 28. Qxd4 Bg6 29. Qf4 Rb6 30. Rc1 Re8 31. Rxe8+ Qxe8 32. Qc4 Qb5 33. Qc8+
Kh7 34. Qd8 Be4 35. Bxd6 Bxd5 36. Bc5 Rg6 37. Qxd5 Rg5 38. Qe4+ f5 39. Qf3 Qb2
40. Be3 Rg6 41. Qxf5 Qb7 42. g3 a5 43. h4 Qa6 44. h5 1-0

[Event "Mercredi 2020.01.08 ABCD"]
[Site "Montreal CAN"]
[Date "2020.01.22"]
[Round "3"]
[White "Latorre, Vincent"]
[Black "Gadbois, Patrick"]
[Result "0-1"]
[WhiteElo "1892"]
[BlackElo "1878"]
[PlyCount "78"]
[EventDate "2020.01.08"]
[EventType "tourn"]
[EventRounds "5"]
[EventCountry "CAN"]

1. e4 e6 2. d4 d5 3. Nc3 Nf6 4. Bg5 Be7 5. e5 Nfd7 6. Bxe7 Qxe7 7. f4 O-O 8.
Nf3 c5 9. dxc5 Qxc5 10. Qd2 Nc6 11. O-O-O a6 12. Kb1 b5 13. Bd3 f6 14. exf6
Nxf6 15. Rhe1 Bd7 16. Ne2 Rac8 17. Nc1 a5 18. Bf1 Ne4 19. Rxe4 dxe4 20. Ng5 Nb8
21. Nxe4 Qd5 22. Qe1 Qc6 23. c4 Rxf4 24. Nd6 Rcf8 25. cxb5 Qc7 26. Bd3 Kh8 27.
Qe5 Qd8 28. Qh5 Qh4 29. Qe5 Qf6 30. Qc5 Rf2 31. Qa3 Rxg2 32. Bxh7 g6 33. Nc4
Qf5+ 34. Nd3 Kxh7 35. Ne3 Qf3 36. Ne1 Qe4+ 37. Ka1 Rgf2 38. Qe7+ R8f7 39. Qg5
Qf4 {time} 0-1

[Event "Mercredi 2020.01.08 ABCD"]
[Site "Montreal CAN"]
[Date "2020.01.22"]
[Round "3"]
[White "Tremblay, Alain"]
[Black "Both, Aaron"]
[Result "1-0"]
[WhiteElo "2144"]
[BlackElo "1977"]
[PlyCount "79"]
[EventDate "2020.01.08"]
[EventType "tourn"]
[EventRounds "5"]
[EventCountry "CAN"]

1. e4 c5 2. Nf3 e6 3. d3 Nc6 4. g3 g6 5. Bg2 Bg7 6. Nbd2 Nge7 7. O-O O-O 8. Re1
d5 9. c3 f5 10. exd5 exd5 11. Nb3 b6 12. Bf4 h6 13. h4 a5 14. a4 Ba6 15. d4 c4
16. Nbd2 Kh7 17. Ne5 Bb7 18. Qe2 Ra7 19. Rab1 Ng8 20. Ndxc4 Nxd4 21. cxd4 dxc4
22. Bxb7 Rxb7 23. Qxc4 Nf6 24. Rbc1 Ne4 25. Qc6 g5 26. Qxb7 gxf4 27. Rc2 Qf6
28. Nd7 Qd6 29. Nxf8+ Qxf8 30. Rc7 Qg8 31. Rxe4 fxe4 32. Qxe4+ Kh8 33. Re7 fxg3
34. Re8 gxf2+ 35. Kxf2 Bf8 36. Qe5+ Kh7 37. Qf5+ Kg7 38. Qe5+ Kh7 39. Qf5+ Kg7
40. Qg4+ 1-0

[Event "Mercredi 2020.01.08 ABCD"]
[Site "Montreal CAN"]
[Date "2020.01.22"]
[Round "3"]
[White "Tsukerman, Julia"]
[Black "Mok, Yuen Tak"]
[Result "0-1"]
[WhiteElo "1982"]
[BlackElo "2099"]
[PlyCount "61"]
[EventDate "2020.01.08"]
[EventType "tourn"]
[EventRounds "5"]
[EventCountry "CAN"]

1. e4 c6 2. d4 d5 3. exd5 cxd5 4. Bd3 Nc6 5. c3 Qc7 6. Ne2 Bg4 7. O-O Nf6 8.
Qe1 Bh5 9. f4 Bxe2 10. Qxe2 O-O-O 11. Nd2 e6 12. Nf3 Ne7 13. Qc2 g6 14. a4 Nf5
15. Ne5 h5 16. a5 Nd6 17. a6 b6 18. b3 Nf5 19. Bd2 Bd6 20. Rac1 Kb8 21. Qb2 Rc8
22. c4 Qe7 23. Qa1 Nxd4 24. Qb1 Nf5 25. Kh1 dxc4 26. Bxc4 Ng4 27. Qe4 Bxe5 28.
fxe5 Rc7 29. Be2 Qh4 30. Qf4 g5 31. Be1 0-1

[Event "Mercredi 2020.01.08 ABCD"]
[Site "Montreal CAN"]
[Date "2020.01.29"]
[Round "4"]
[White "Audet, Eric"]
[Black "Fortin-Lavoie, Patrice"]
[Result "1-0"]
[WhiteElo "1787"]
[BlackElo "1792"]
[PlyCount "51"]
[EventDate "2020.01.08"]
[EventType "tourn"]
[EventRounds "5"]
[EventCountry "CAN"]

1. e4 e5 2. Nf3 Nf6 3. Nc3 Nc6 4. d4 Bb4 5. dxe5 Nxe4 6. Qd3 d5 7. exd6 Nxd6 8.
Bg5 f6 9. Bd2 O-O 10. Qd5+ Kh8 11. O-O-O Re8 12. Bd3 Be6 13. Qh5 f5 14. Ng5 Bg8
15. g4 Qf6 16. Nd5 Bxd2+ 17. Rxd2 Qd8 18. Nf4 Ne5 19. gxf5 h6 20. h4 Qf6 21.
Nge6 Bxe6 22. Nxe6 Re7 23. Nf4 Rf7 24. Ng6+ Kh7 25. Nxe5 Qxe5 26. f6+ 1-0

[Event "Mercredi 2020.01.08 ABCD"]
[Site "Montreal CAN"]
[Date "2020.01.29"]
[Round "4"]
[White "Baran, Marius"]
[Black "Pelletier, Arnaud"]
[Result "1/2-1/2"]
[WhiteElo "1675"]
[BlackElo "1702"]
[PlyCount "98"]
[EventDate "2020.01.08"]
[EventType "tourn"]
[EventRounds "5"]
[EventCountry "CAN"]

1. e4 c5 2. Nc3 d6 3. f4 Nc6 4. Nf3 e6 5. Bb5 Nge7 6. O-O a6 7. Bxc6+ Nxc6 8.
d3 Be7 9. Qe1 O-O 10. Be3 Bd7 11. Ne2 d5 12. c3 dxe4 13. dxe4 e5 14. fxe5 Qc7
15. Qg3 Kh8 16. Nf4 Qa5 17. Rad1 Rad8 18. Nh5 Rg8 19. Ng5 Be6 20. Nxe6 Rxd1 21.
Rxd1 fxe6 22. a3 Qa4 23. Re1 Qxe4 24. Bg5 Qc2 25. Bxe7 Nxe7 26. Qf2 Qxf2+ 27.
Kxf2 Rf8+ 28. Kg1 Nc6 29. g3 Kg8 30. Nf4 Kf7 31. Rf1 Ke7 32. Nd3 Rxf1+ 33. Kxf1
b6 34. c4 Na5 35. b4 cxb4 36. axb4 Nxc4 37. Ke2 a5 38. bxa5 bxa5 39. Kd1 h5 40.
Kc2 g5 41. Kb3 Nb6 42. h4 Kf7 43. hxg5 Kg6 44. Nf4+ Kxg5 45. Nxe6+ Kf5 46. Nf4
Kxe5 47. Nxh5 Kf5 48. Nf4 Kg4 49. Ne2 Kf3 1/2-1/2

[Event "Mercredi 2020.01.08 ABCD"]
[Site "Montreal CAN"]
[Date "2020.01.29"]
[Round "4"]
[White "Barko, Maxim"]
[Black "Adam, Rafael"]
[Result "0-1"]
[WhiteElo "1803"]
[BlackElo "1815"]
[PlyCount "114"]
[EventDate "2020.01.08"]
[EventType "tourn"]
[EventRounds "5"]
[EventCountry "CAN"]

1. d4 Nf6 2. Nf3 d5 3. Bg5 Ne4 4. Bf4 e6 5. Nbd2 Bd6 6. Bxd6 Qxd6 7. c3 Nd7 8.
e3 Nxd2 9. Qxd2 e5 10. dxe5 Nxe5 11. Nxe5 Qxe5 12. Qd4 Qxd4 13. cxd4 Bf5 14.
Rc1 Kd7 15. Be2 Rhe8 16. Rc3 c6 17. b4 a6 18. a4 Kd6 19. O-O Rac8 20. h3 Re7
21. Rfc1 Rec7 22. h4 h6 23. Kh2 g5 24. hxg5 hxg5 25. Kg3 Rh8 26. b5 axb5 27.
axb5 Rhc8 28. bxc6 Rxc6 29. Rxc6+ Rxc6 30. Rh1 Ke7 31. Bb5 Rb6 32. Be2 Rc6 33.
Rh5 f6 34. Bf3 Ke6 35. Rh8 Rd6 36. Rb8 b6 37. Bh5 Kd7 38. Be8+ Kc7 39. Ra8 Kb7
40. Ra3 Rd8 41. Bf7 Rd7 42. Bg8 Kc6 43. Ra8 Kb5 44. Rb8 Rd6 45. Bf7 Ka5 46. Be8
Bd3 47. Ra8+ Kb4 48. Ra4+ Kb3 49. Ra7 b5 50. Rb7 b4 51. Kg4 Kc3 52. Ba4 Bc4 53.
f4 gxf4 54. Kxf4 b3 55. g4 b2 56. e4 dxe4 57. Kxe4 Bd5+ 0-1

[Event "Mercredi 2020.01.08 ABCD"]
[Site "Montreal CAN"]
[Date "2020.01.29"]
[Round "4"]
[White "Beaulieu, Pierre"]
[Black "Abdelaal, Ibrahim"]
[Result "0-1"]
[WhiteElo "1920"]
[BlackElo "1948"]
[PlyCount "86"]
[EventDate "2020.01.08"]
[EventType "tourn"]
[EventRounds "5"]
[EventCountry "CAN"]

1. Nf3 b5 2. g3 Bb7 3. Bg2 Nf6 4. d3 e6 5. Nbd2 Be7 6. O-O O-O 7. c3 c5 8. a4
b4 9. a5 Na6 10. e4 bxc3 11. bxc3 Nc7 12. Qc2 Rb8 13. Re1 d6 14. Bb2 Ba6 15. c4
e5 16. Nf1 Ne6 17. Ne3 Nd4 18. Nxd4 cxd4 19. Nf5 Nd7 20. Ba3 Nc5 21. f4 Bf6 22.
fxe5 Bxe5 23. Bf1 Bc8 24. Bxc5 dxc5 25. Qa4 Bd7 26. Qa3 Rb4 27. Reb1 Bxf5 28.
exf5 Bd6 29. Bg2 Qg5 30. Be4 Rfb8 31. Rxb4 Rxb4 32. Qa2 h5 33. Qe2 h4 34. g4 h3
35. Rf1 Bf4 36. Qf3 Bd6 37. Qxh3 Rb2 38. Bg2 Ra2 39. Qf3 Rxa5 40. Qa8+ Kh7 41.
Be4 Ra2 42. f6+ g6 43. Qe8 Qe3+ 0-1

[Event "Mercredi 2020.01.08 ABCD"]
[Site "Montreal CAN"]
[Date "2020.01.29"]
[Round "4"]
[White "Destree, Frederic"]
[Black "Guipi Bopala, Prince Eric jr"]
[Result "0-1"]
[WhiteElo "1866"]
[BlackElo "1842"]
[PlyCount "76"]
[EventDate "2020.01.08"]
[EventType "tourn"]
[EventRounds "5"]
[EventCountry "CAN"]

1. Nf3 d5 2. g3 e6 3. Bg2 c6 4. O-O Bd6 5. d3 Nf6 6. Nbd2 O-O 7. e4 e5 8. exd5
cxd5 9. c4 d4 10. a3 a5 11. Re1 Nc6 12. b3 Bf5 13. Qc2 b6 14. Nh4 Bd7 15. Ne4
Nxe4 16. Bxe4 Rc8 17. Nf5 Bb8 18. Qe2 g6 19. Nh4 Bd6 20. Nf3 Re8 21. Ng5 h6 22.
Nf3 Bf8 23. Kg2 Bg7 24. Ng1 f5 25. Bd5+ Kh7 26. Qf3 Ne7 27. Bd2 Nxd5 28. cxd5
Rc2 29. Qd1 Rc5 30. b4 Rxd5 31. Qb3 Rd6 32. bxa5 bxa5 33. Rab1 Qa8+ 34. f3 e4
35. dxe4 fxe4 36. fxe4 Rxe4 37. Qb7 Qxb7 38. Rxb7 Rxe1 0-1

[Event "Mercredi 2020.01.08 ABCD"]
[Site "Montreal CAN"]
[Date "2020.01.29"]
[Round "4"]
[White "Gates, Claude-Eric"]
[Black "Giurgiev, Silvius"]
[Result "0-1"]
[WhiteElo "1872"]
[BlackElo "1827"]
[PlyCount "78"]
[EventDate "2020.01.08"]
[EventType "tourn"]
[EventRounds "5"]
[EventCountry "CAN"]

1. e4 Nc6 2. Nf3 e5 3. Bc4 Be7 4. d4 exd4 5. Nxd4 g6 6. Nc3 Bf6 7. Be3 d6 8.
Nd5 Bg7 9. Qd2 Bd7 10. O-O-O h6 11. Nb5 Rc8 12. Ndxc7+ Rxc7 13. Nxd6+ Kf8 14.
Nxf7 Qf6 15. e5 Nxe5 16. Nxe5 Qxe5 17. Qb4+ Qe7 18. Qb3 Be5 19. Rhe1 Qf6 20.
Bxa7 Qf4+ 21. Kb1 Rxc4 22. Rxd7 Ne7 23. Qxb7 Rb4 24. Qa8+ Kf7 25. Qd5+ Kf6 26.
Rd6+ Bxd6 27. Qe6+ Kg7 28. Qe2 Rc8 29. Qd3 Nf5 30. g3 Qc4 31. Qd2 Ra8 32. b3
Rxa7 33. c3 Rbb7 34. f3 Qc6 35. g4 Ne7 36. Re6 Rd7 37. Qd4+ Kh7 38. Qf6 Kg8 39.
h4 Qd5 0-1

[Event "Mercredi 2020.01.08 ABCD"]
[Site "Montreal CAN"]
[Date "2020.01.31"]
[Round "4"]
[White "Kozlov, Guennadi"]
[Black "Gadbois, Patrick"]
[Result "1-0"]
[WhiteElo "1902"]
[BlackElo "1878"]
[PlyCount "115"]
[EventDate "2020.01.08"]
[EventType "tourn"]
[EventRounds "5"]
[EventCountry "CAN"]

1. c4 e6 2. g3 d5 3. cxd5 exd5 4. Bg2 Nf6 5. e3 Bd6 6. Nc3 c6 7. d4 O-O 8. Nge2
Bf5 9. O-O Nbd7 10. a3 Re8 11. Nf4 h6 12. Qb3 Qb6 13. Qd1 Rac8 14. b4 Ne4 15.
Nxe4 Bxe4 16. Bxe4 Rxe4 17. Nd3 Ree8 18. Nc5 Bxc5 19. dxc5 Qc7 20. Bb2 Ne5 21.
Kg2 Nc4 22. Bd4 Qe7 23. Qg4 Qe4+ 24. Qxe4 Rxe4 25. Ra2 f5 26. a4 g5 27. b5 f4
28. bxc6 bxc6 29. gxf4 gxf4 30. f3 Rxe3 31. Kf2 Re7 32. Rg1+ Kh7 33. Rg4 Rf7
34. Re2 Ne3 35. Bxe3 fxe3+ 36. Rxe3 Rcc7 37. Re6 Rg7 38. Rf4 Rg6 39. Rff6 Rxf6
40. Rxf6 Kg7 41. Rd6 a5 42. Ke3 Re7+ 43. Kf4 Rf7+ 44. Kg4 Kh7 45. f4 Rg7+ 46.
Kf3 Rc7 47. f5 Kg7 48. Kf4 Rb7 49. Rxc6 Rb4+ 50. Ke5 d4 51. Rc7+ Kf8 52. Rc8+
Kf7 53. Rd8 d3 54. Rxd3 Rc4 55. Kd6 Rxa4 56. c6 Rc4 57. Kd7 Kf6 58. c7 1-0

[Event "Mercredi 2020.01.08 ABCD"]
[Site "Montreal CAN"]
[Date "2020.01.29"]
[Round "4"]
[White "Mok, Yuen Tak"]
[Black "Both, Aaron"]
[Result "1-0"]
[WhiteElo "2099"]
[BlackElo "1977"]
[PlyCount "141"]
[EventDate "2020.01.08"]
[EventType "tourn"]
[EventRounds "5"]
[EventCountry "CAN"]

1. e4 c5 2. c3 e6 3. d4 d5 4. exd5 exd5 5. Bb5+ Nc6 6. Nf3 a6 7. Bxc6+ bxc6 8.
O-O Bd6 9. Be3 cxd4 10. Bxd4 f6 11. Nbd2 c5 12. Be3 Ne7 13. b4 cxb4 14. cxb4
O-O 15. Bc5 Bxc5 16. bxc5 Bg4 17. Qa4 Bd7 18. Qa3 Nf5 19. Qd3 Ne7 20. Nd4 Qa5
21. N2b3 Qa4 22. Rfc1 Rac8 23. Qf3 Rfe8 24. Rc2 Kh8 25. Rac1 Qb4 26. h3 Bb5 27.
Nxb5 axb5 28. c6 Ng6 29. Qxd5 Nf4 30. Qf3 Re1+ 31. Kh2 Rxc1 32. Rxc1 Qd6 33. g3
Ne6 34. h4 h6 35. Qe4 Rc7 36. Rc2 Re7 37. Qf5 Nc7 38. Qf3 Re5 39. Rd2 Rd5 40.
Rc2 Rd3 41. Qf5 Rd5 42. Qg4 f5 43. Qf3 Kg8 44. Na5 Rc5 45. Nb7 Qd5 46. Qxd5+
Rxd5 47. Kg2 Kf7 48. Kf1 Kf6 49. Ke1 h5 50. Kf1 g6 51. Kg2 Kf7 52. Re2 Ne6 53.
Rc2 Nc7 54. Nc5 Ke7 55. Nd7 Rd6 56. Ne5 Kf6 57. f4 Rd1 58. Kf2 Rd6 59. Ke1 Rd5
60. Rc3 b4 61. Rc4 Ra5 62. Rc2 Ra7 63. Rd2 Ne6 64. Rb2 Ra3 65. Rxb4 Rxg3 66.
Rb7 Nxf4 67. Nd7+ Ke6 68. Nc5+ Kd6 69. c7 Re3+ 70. Kf1 Re8 71. Rb8 1-0

[Event "Mercredi 2020.01.08 ABCD"]
[Site "Montreal CAN"]
[Date "2020.01.29"]
[Round "4"]
[White "Nardone, Raul"]
[Black "Charette, Nicolas"]
[Result "1-0"]
[WhiteElo "1791"]
[BlackElo "1765"]
[PlyCount "79"]
[EventDate "2020.01.08"]
[EventType "tourn"]
[EventRounds "5"]
[EventCountry "CAN"]

1. d4 Nf6 2. Nf3 c5 3. e3 e6 4. Bd3 Nc6 5. O-O Qc7 6. b3 cxd4 7. exd4 Nb4 8. c4
Nxd3 9. Qxd3 b6 10. Nc3 a6 11. Re1 Be7 12. Bb2 O-O 13. Rad1 d5 14. Ne5 Bb7 15.
Re3 Bd6 16. h3 Rad8 17. Qe2 Ne4 18. cxd5 exd5 19. Nxe4 dxe4 20. Rc1 Qe7 21. Nc6
Qd7 22. Nxd8 Rxd8 23. Rd1 Bf4 24. Rxe4 Bxe4 25. Qxe4 Bg5 26. d5 Re8 27. Qg4
Qxg4 28. hxg4 Bd8 29. Kf1 f6 30. Ba3 Kf7 31. Re1 b5 32. Rxe8 Kxe8 33. Ke2 Bb6
34. f3 Kd7 35. Kd3 a5 36. Ke4 b4 37. Bc1 g5 38. Be3 Bc7 39. Bc5 Be5 40. Bb6 1-0

[Event "Mercredi 2020.01.08 ABCD"]
[Site "Montreal CAN"]
[Date "2020.01.29"]
[Round "4"]
[White "Nesterov, Timour"]
[Black "Latorre, Vincent"]
[Result "1/2-1/2"]
[WhiteElo "1952"]
[BlackElo "1892"]
[PlyCount "168"]
[EventDate "2020.01.08"]
[EventType "tourn"]
[EventRounds "5"]
[EventCountry "CAN"]

1. d4 Nf6 2. Nf3 d5 3. c4 c6 4. Nc3 e6 5. Bg5 Be7 6. e3 h6 7. Bh4 Nbd7 8. Bd3
O-O 9. O-O c5 10. cxd5 Nxd5 11. Bxe7 Qxe7 12. Nxd5 exd5 13. dxc5 Nxc5 14. Bc2
Be6 15. Qd4 Rac8 16. Rac1 Nd7 17. Bb3 Qf6 18. Rxc8 Rxc8 19. Qxa7 Qxb2 20. Qxb7
Nc5 21. Qb4 Ne4 22. Qd4 Nc3 23. Qd2 Qa3 24. Nd4 Qb4 25. Qd3 Ne4 26. Qb5 Qd2 27.
Qe2 Qb4 28. Nf3 Bd7 29. Qd1 Nc3 30. Qd2 Bb5 31. Ra1 Qe4 32. h3 Rc6 33. Nd4 Rg6
34. f3 Qd3 35. Qxd3 Bxd3 36. Kf2 Ra6 37. Ke1 Bc4 38. Kd2 Bxb3 39. Nxb3 Nxa2 40.
Kd3 Nb4+ 41. Kc3 Rxa1 42. Nxa1 Nc6 43. Nc2 Kf8 44. Nd4 Ne5 45. Nb5 Ke7 46. Kd4
Ng6 47. g3 Kd7 48. Kxd5 Ne7+ 49. Ke4 f6 50. Nd4 g6 51. Nc2 Kd6 52. Nb4 f5+ 53.
Kd3 g5 54. Nc2 Ng6 55. f4 gxf4 56. exf4 h5 57. Nd4 Ne7 58. Ke3 Kd5 59. Nf3 Nc6
60. Ng5 Nd4 61. Nh7 h4 62. gxh4 Ne6 63. Ng5 Ng7 64. Nh7 Nh5 65. Nf8 Ng7 66. Nd7
Nh5 67. Nf8 Ng7 68. Kf3 Kd4 69. Ng6 Kd5 70. Ne5 Nh5 71. Nd7 Ke6 72. Ne5 Kd5 73.
Nd3 Nf6 74. Nc1 Ke6 75. Ne2 Kf7 76. Ng3 Kg6 77. Ke3 Nd5+ 78. Kf3 Nf6 79. h5+
Nxh5 80. Nxh5 Kxh5 81. Kg3 Kg6 82. Kg2 Kh6 83. Kf3 Kh5 84. Kg3 Kg6 1/2-1/2

[Event "Mercredi 2020.01.08 ABCD"]
[Site "Montreal CAN"]
[Date "2020.01.29"]
[Round "4"]
[White "Tremblay, Alain"]
[Black "Lopez Linares, Lizandro"]
[Result "1/2-1/2"]
[WhiteElo "2144"]
[BlackElo "2265"]
[PlyCount "83"]
[EventDate "2020.01.08"]
[EventType "tourn"]
[EventRounds "5"]
[EventCountry "CAN"]

1. d4 Nf6 2. Nf3 d5 3. g3 Bf5 4. Bg2 h6 5. O-O e6 6. b3 Nbd7 7. Nbd2 Be7 8. Bb2
O-O 9. c4 c6 10. Ne5 a5 11. a3 Qb6 12. Nxd7 Nxd7 13. Bc3 Rfd8 14. e3 Bd3 15.
Re1 Qa6 16. c5 e5 17. b4 Bf6 18. Nb3 a4 19. Na5 Qb5 20. Nxb7 Qxb7 21. Qxd3 e4
22. Qd2 Nb8 23. Bf1 Na6 24. b5 cxb5 25. Rab1 Nc7 26. Ba5 Rab8 27. Rb2 Ne6 28.
Bb6 Ng5 29. Bg2 Qd7 30. Qe2 Qf5 31. Kh1 Nf3 32. Bxf3 exf3 33. Qxb5 Re8 34. Rd1
Re4 35. Qf1 Rbe8 36. Bc7 Kh7 37. Rb8 R8e6 38. Rb6 Re7 39. Bd8 Re8 40. Bc7 h5
41. Rb8 R8e6 42. Rb6 1/2-1/2